Modern banking

Salvato in:
Dettagli Bibliografici
Autore principale: Sayers, R.S
Natura: Libro
Lingua:inglese
Pubblicazione: Bombay Oxford University Press 1979
Edizione:7. Ed.
Tags: Aggiungi Tag
Nessun Tag, puoi essere il primo ad aggiungerne!!

MARC

LEADER 00000nam a2200000 4500
001 c134426
005 20041019155301.1
041 0 |a eng 
044 |a IN 
245 1 0 |a Modern banking  |c R.S. Sayers 
250 |a 7. Ed. 
264 1 |a Bombay  |b Oxford University Press  |c 1979 
300 |a 342 s. 
100 1 |a Sayers, R.S.